000 00509cam a22001457a 4500
008 180718b2006 xxu||||| |||| 00| 0 eng d
100 _aMarini, Alessandra
245 _aNonlinear effects of altitude on child growth in Peru: a multilevel analysis
_cby Alessandra Marini and Michele Gragnolati
260 _aWashington, D.C.
_bWorld Bank
_c2006
300 _a21p.
440 _aPolicy research working paper; no. 3823
650 _aChild growth
650 _aNonlinear effects
700 _aGragnolati, Michele
999 _c293070
_d293070